000
00260nam a22001217a 4500
008
170707b xxu||||| |||| 00| 0 eng d
041
_a
eng
080
_a
82
100
_a
22
101
_a
GJL
245
_a
IMAGINATIVE LITERATURE
_c
ONEIL.S
942
_2
udc
_c
BK
999
_c
20045
_d
20045